000 00572nam a22002057a 4500
005 20260428164715.0
008 260428b |||||||| |||| 00| 0 eng d
020 _a9781854318046
_qpbk
041 _aeng
082 _a343.42071 STE
100 _aStephenson,Graham
245 _aCommercial and Consumer Law
_cGraham Stephenson
250 _a4th ed.
260 _aGreat Britain
_bBlackstone Press Limited
_c1998
300 _a231p. :
_c20cm
504 _aBib and Ref
650 _aMilitary, tax, trade & industrial law
700 _aClark, Peter
942 _cENGLISH
999 _c620293
_d620293